MARC

Tag First Indicator Second Indicator Subfields
LEADER 00000cam a2200000 a 4500
001 in00000034247
005 20151007055243.0
008 870304s1988 nyua b 00110 eng
010 |a  87004826  
020 |a 0312009046 :  |c $35.00 
020 |a 0312009054 (pbk.) :  |c $14.95 
035 |a (OCoLC)15366852 
035 |9 AAB7707AM 
040 |a DLC  |c DLC  |d TXA  |d UtOrBLW 
043 |a e-ur--- 
049 |a TXAM  |c [A11088864] 
050 0 0 |a BL2765.S65  |b P67 vol. 2  |a BR1608.S65 
050 4 |a BL2765.S65  |b P67 1987 v. 2 
082 0 |a 272/.9/0947 s  |a 272/.9/0947  |2 19 
100 1 |a Pospielovsky, Dimitry,  |d 1935-2014. 
245 1 0 |a Soviet antireligious campaigns and persecutions /  |c Dimitry V. Pospielovsky. 
264 1 |a New York :  |b St. Martin's Press,  |c 1988. 
300 |a xix, 275 pages :  |b illustrations ;  |c 23 cm. 
336 |a text  |b txt  |2 rdacontent 
337 |a unmediated  |b n  |2 rdamedia 
338 |a volume  |b nc  |2 rdacarrier 
490 1 |a A History of Soviet atheism in theory and practice, and the believer ;  |v v. 2 
504 |a Bibliography: pages 260-264. 
500 |a Includes index. 
650 0 |a Persecution  |z Soviet Union  |x History  |y 20th century. 
610 2 0 |a Russkai︠a︡ pravoslavnai︠a︡ t︠s︡erkovʹ  |x History  |y 20th century. 
610 2 0 |a Orthodox Eastern Church  |z Soviet Union  |x History  |y 20th century. 
651 0 |a Soviet Union  |x Church history. 
800 1 |a Pospielovsky, Dimitry,  |d 1935-2014.  |t History of Soviet atheism in theory and practice, and the believer ;  |v v. 2. 
999 |a MARS 
999 f f |s 7d9756c9-f91d-3732-963f-06516d29a594  |i 406fa8de-2307-3802-a029-87faa7039751  |t 0 
952 f f |p normal  |a Texas A&M University  |b College Station  |c Sterling C. Evans Library  |d Evans: Library Stacks  |t 0  |e BL2765.S65 P67 1987 v.2  |h Library of Congress classification  |i unmediated -- volume  |m A14811088864 
998 f f |a BL2765.S65 P67 1987 v.2  |t 0  |l Evans: Library Stacks